1421 1753 1454 1498 1502 1374 1954 1275 1226 1095 1801 1994 1773 1223 1154 1035 1835 1476 1454 1290 1615 1280 1022 1194 1377 1776 1876 1617 1485 1300 1913 1215 1123 1035 1665 1534 1990 1849 1369 1261 1332 1926 1807 1856 1382 1932 1491 1041 1838 1191 1403 1782 1539 1405 1673 1655 1704 1213 1122 1802 1225 1799 1881 1331 1918 1220 1248 1713 1633 1696 1785 1311 1932 1998 1593 1559 1534 1535 1198 1131 1388 1437 1354 1423 1268 1291 1470 1540 1126 1456 1338 1537 1374 1285 1937 1689 1769 1962 1276 BCNSPRNW ULIB Ver.6.0+V

เปลี่ยนเป็นภาษาไทย

Change to English
 แสดงรายละเอียดบรรณานุกรม
  กลับหน้าหลัก

Brief Record : Get Marc (ISO 2709) : E-mail record : QR code < ปิดหน้าต่าง
LEADER : 00000nam 2200000uu 4500
001    13399120444
003     ULIB
008    120920s2548||||th 000 0 tha d
020    ^a9749826449
060  4 ^aWB115^bP682
111 2  ^aการอบรมระยะสั้นอายุรศาสตร์ในเวชปฏิบัติ^n(ครั้งที่ 6 :^d2548 :^cวิทยาลัยแพทยศาสตร์พระมงกุฎเกล้า)
245 00 ^aPitfalls in internal medicine :^bการอบรมระยะสั้นอายุรศาสตร์ในเวชปฏิบัติ ครั้งที่ 6 /^cจันทราภา ศรีสวัสดิ์, วิชัย ประยูรวิวัฒน์, สุรพล สุรางค์ศรีรัฐ บรรณาธิการ
250    ^aพิมพ์ครั้งที่ 1
260    ^aกรุงเทพฯ :^bกองอายุรกรรม และภาควิชาอายุรศาสตร์วิทยาลัยแพทยศาสตร์พระมงกุฎเกล้า,^c2548
300    ^a375 หน้า :^bภาพประกอบ
650  7 ^aการรักษาโรค^vรวมเรื่อง
650  7 ^aอายุรศาสตร์^vรวมเรื่อง
700 0  ^aจันทราภา ศรีสวัสดิ์,^eบรรณาธิการ
700 0  ^aวิชัย ประยูรวิวัฒน์,^eบรรณาธิการ
700 0  ^aสุรพล สุรางค์ศรีรัฐ,^eบรรณาธิการ
710 2  ^aวิทยาลัยแพทยศาสตร์พระมงกุฎเกล้า.^bภาควิชาอายุรศาสตร์
710 2  ^aวิทยาลัยแพทยศาสตร์พระมงกุฎเกล้า.^bกองอายุรกรรม
945    ^p450^l0^i24663
995    ^aกัณชพร
999    ^aใช้งานได้ทุกระบบ
รายการนี้ยังไม่มีแท็ก
คุณยังไม่ได้ล็อกอิน คุณสามารถมีกิจกรรมร่วมกับเว็บไซต์ได้ แต่ต้องล็อกอินก่อน ::
  ล็อกอิน

รายการสื่อสารสนเทศ

ลำดับที่ ประเภท เลขเรียก/บาร์โค้ด สถานที่ สถานะ
1. วิทยาศาสตร์การแพทย์ และสุขภาพ
วิทยาศาสตร์การแพทย์ และสุขภาพ
WB115 P682  
  Barcode: 24663
ห้องสมุดวิทยาเขตสวรรค์ประชารักษ์
►หนังสือทั่วไป
ถูกยืม กำหนดส่งวันที่ 11 พฤษภาคม 2558
  จอง

BibComment


ยังไม่เคยถูกคอมเมนท์

คอมเมนท์ทรัพยากรรายการนี้
  คอมเมนท์: Pitfalls in inte..


 Copyright 2026. Bcnsprnw @Library